Представление документа в формате MARC21

Поле Инд. ПП Название Значение
Тип записи a
Библиографический уровень m
001 Контрольный номер 4be40ca32ae041c7a4d121f0b64d523c
005 Дата корректировки 20260417085637.8
040 a Служба первич. каталог. НБ ТвГУ
b Код языка каталог. rus
e Правила каталог. PSBO
041 0_ a Код языка текста rus
080 a Индекс УДК 94(470.331)"1941/1945"
084 a Индекс другой классификации/Индекс ББК Т3(2Рос-4Тве)622,88
090 a Полочн. индекс Т3(2Рос)622
x Авторский знак Г 81
097 b Оператор Semenova.ZR
100 1_ a Автор Гречка Сергей Петрович
e Роль лиц Автор
245 00 a Заглавие Красная Звезда Петра Гречка (или Битва за Бреслау)
c Ответственность С. П. Гречка
260 c Дата издания 2020
a Место издания Б. м.
b Издательство б. и.
300 a Объем 46 с.
b Иллюстрации/ тип воспроизводства ил., цв. ил., портр., факс., карты.
e Сопроводительные материалы 1 электрон. опт. диск (CD-ROM)
520 0_ a Аннотация Битва за немецкий город-крепость Бреслау (сейчас польский Вроцлав) была последней битвой Рейха в Великой отечественной войне 1941-1945 годов. По директиве Гитлера крупные города на пути Красной Армии были превращены в оборонительные узлы, так называемые "крепости". В 1944г. крепостью был провозглашен и Бреслау. Капитулировал город-крепость лишь 6 мая 1945 года, всего за 2 дня до Победы, когда уже был повержен Берлин (2 мая), когда уже покончил с собой Гитлер (30 апреля). В битве за Бреслау сражался и 19-летний младший лейтенант Петр Гречка. Эта история охватывает весь период участия Петра Васильевича Гречка в Великой Отечественной войне: учеба 17-летнего паренька в пехотном училище, ранения в Курской битве, госпиталь, учеба на курсах младших лейтенантов, битва за Бреслау, послевоенная служба. В истории приведены многие документы военного времени. Эта история - для потомков Петра Васильевича Гречка, но будет интересна и тем, кто его знал, кто интересуется военной историей.
653 0_ a Ключевые слова История России
a Ключевые слова Великая Отечественная война
a Ключевые слова 1941-1945 гг.
a Ключевые слова Битва за Бреслау
a Ключевые слова Гречка Петр Васильевич
a Ключевые слова Краеведение
901 t Тип документа m
920 a Оператор Семен
a Оператор Петр
930 a Новая/Ретро новая
952 c Вид литературы К рн
954 b Дата поступления в ОК 20260415
a Дата поступления на обработку 20260417
c Дата окончания ОНО 20260417